Sports Quiz

Random Sports or Golf Quiz
Score 0/10 Timer 02:00
0 Plays Today
Year Golfer % Correct
2006Tiger Woods
98.3%
2005Tiger Woods
98.3%
2012Ernie Els
66.6%
2008Padraig Harrington
48.3%
2007Padraig Harrington
48.3%
2011Darren Clarke
44.1%
2009Stewart Cink
40.5%
2010Louis Oosthuizen
32.8%
2003Ben Curtis
32.2%
2004Todd Hamilton
29.7%
Remove Ads.
Support Sporcle.
Get the best of Sporcle when you Go Orange. This ad-free experience offers more features, more stats, and more fun while also helping to support Sporcle. Thank you for becoming a member.

You're not logged in!

Compare scores with friends on all Sporcle quizzes.
OR
Log In

Show Comments

Extras

Top Quizzes Today


Score Distribution

Your Account Isn't Verified!

In order to create a playlist on Sporcle, you need to verify the email address you used during registration. Go to your Sporcle Settings to finish the process.

Report this User

Report this user for behavior that violates our Community Guidelines.

Details: